| Tag |
First Indicator |
Second Indicator |
Subfields |
| LEADER |
00000cam a2200000 4500 |
| 001 |
in00000036017 |
| 005 |
20151007063608.0 |
| 008 |
741030s1966 enka b 00010 eng u |
| 010 |
|
|
|a 67070101
|
| 035 |
|
|
|a (OCoLC)01061049
|
| 035 |
|
|
|9 AAD7770AM
|
| 040 |
|
|
|c OUN
|d TXA
|d UtOrBLW
|
| 049 |
|
|
|a TXAM
|c [468802]
|
| 050 |
0 |
0 |
|a PR1120
|b .B43
|
| 082 |
0 |
|
|a 820.8001
|
| 092 |
|
|
|a 820.8
|b B471e
|
| 100 |
1 |
|
|a Bennett, J. A. W.
|q (Jack Arthur Walter)
|
| 245 |
1 |
0 |
|a Early Middle English verse and prose /
|c edited by J. A. W. Bennett and G. V. Smithers; with a glossary by Norman Davis.
|
| 264 |
|
1 |
|a Oxford :
|b Clarendon P.,
|c 1966.
|
| 300 |
|
|
|a lviii, 620 pages :
|b tables. ;
|c 20 cm.
|
| 336 |
|
|
|a text
|b txt
|2 rdacontent
|
| 337 |
|
|
|a unmediated
|b n
|2 rdamedia
|
| 338 |
|
|
|a volume
|b nc
|2 rdacarrier
|
| 504 |
|
|
|a Bibliographical footnotes.
|
| 650 |
|
0 |
|a English literature
|y Middle English, 1100-1500.
|
| 700 |
1 |
|
|a Smithers, G. V.
|
| 999 |
|
|
|a MARS
|
| 999 |
f |
f |
|s 034c2783-f13b-344a-abbd-fca7403886c0
|i 2f8ff305-eb25-3b09-bffe-05171e28d5c4
|t 0
|
| 952 |
f |
f |
|p normal
|a Texas A&M University
|b College Station
|c Sterling C. Evans Library
|d Evans: Library Stacks
|t 0
|e PR1120 .B43
|h Library of Congress classification
|i unmediated -- volume
|m A14801267822
|
| 998 |
f |
f |
|a PR1120 .B43
|t 0
|l Evans: Library Stacks
|